000 00736nam a22001817a 4500
005 20170427115338.0
020 _a9789383454938
_c1495.00
035 _aB-665224
037 _bAsian Book Centre/Ven
082 _a000
245 _aGeneral studies (paper-1):
_bfor civil services main examination 2017/
_cby Majid Husain...[et...a.]
260 _aNew Delhi
_bAccess Pub.
_c2017
270 _aH.No.8, Nagin Lake Apartment, Paschim Vihar,
_bNew Delhi
_e110087
300 _avarious pagings
_c25cm(pbk)
490 _aCATAPULT test prep series
942 _2ddc
_cEN
_mGEN
_h000
999 _c139305
_d139305